000 01343cam a22003854a 4500
001 1882
003 FISKH
005 20231006135601.0
008 001006s2001 nyua b b 001 0 eng
010 _a 00047533
020 _a9780516295800
020 _a0516232932 (pbk.)
040 _aDLC
_cDLC
_dDLC
_beng
042 _apcc
_alcac
043 _an-us---
050 0 0 _aS552.5
_b.F65 2001
082 0 0 _a630/.74/73
_221
100 1 _aFoley, Cate.
245 1 0 _aLet's go to a fair /
_cby Cate Foley.
260 _aNew York :
_bChildren's Press,
_c2001.
300 _a24 pages :
_bcolor illustrations ;
_c16 x 18 cm.
440 0 _aWeekend fun
490 _aWelcome Books
505 _aE
520 _aPresents information about where to find a fair, the different kinds of food, and the many different rides.
521 8 _a260
_bLexile
521 8 _aE
_bRaz-Plus
650 0 _aAgricultural exhibitions
_zUnited States
_vPictorial works
_vJuvenile literature.
650 0 _aFairs
_zUnited States
_vPictorial works
_vJuvenile literature.
650 1 _aAgricultural exhibitions.
650 1 _aFairs.
906 _a7
_bcbc
_corignew
_d1
_eocip
_f20
_gy-gencatlg
942 _2ddc
_cBK
_n0
999 _c1882
_d1882